| 000 | 00834nam a2200253 i 4500 | ||
|---|---|---|---|
| 003 | DO-SdBNP | ||
| 005 | 20240416145339.0 | ||
| 007 | ta | ||
| 008 | 240415s2006 dr 000 0 spa d | ||
| 040 |
_aDO-SdBNP _bspa _cBNPHU _erda |
||
| 082 |
_222 _bP438 |
||
| 100 |
_aPérez, Carmen _974186 _eautora |
||
| 245 | 1 | 3 |
_aEstructura y funcionamiento de la Administración Pública : _bmanual de capacitación / _cCarmen Pérez, Marina Hilario |
| 250 | _a2a. edición | ||
| 264 | 1 |
_aSanto Domingo : _bParticipación Ciudadana, _c2006. |
|
| 300 |
_a27 páginas _c28 cm. |
||
| 336 |
_2rdacontent _atexto _btxt |
||
| 337 |
_2rdamedia _asin mediación _bn |
||
| 338 |
_2rdacarrier _avolumen _bnc |
||
| 500 | _aPrograma de transparencia de la gestión pública. | ||
| 590 | _aInventariado, 2024/ YL | ||
| 910 | _aYLockward | ||
| 942 |
_2ddc _cLF2 |
||
| 999 |
_c56420 _d56420 |
||